000 00219 a2200097 4500
001 38261
100 _aTariq Awan
245 _aHistory of India & Pakistan
260 _aLahore
_bFerozsons
_c1994
090 _c24318
_d24318
942 _aNUST-CAE
_cM
_c15912
999 _c273334
_d273334